[Event "OPEN KOMENDA 2017"]
[Site "Komenda"]
[Date "2017.02.03"]
[Round "1.1"]
[White "Jereb, Lana"]
[Black "Papez, Viktor"]
[Result "0-1"]
[WhiteElo "1605"]
[BlackElo "1835"]
[PlyCount "90"]
[EventDate "2017.02.03"]

1. e4 e5 2. Nf3 Nc6 3. Bc4 Nf6 4. d3 Be7 5. c3 O-O 6. O-O d6 7. Nbd2 Na5 8. Bb5
c6 9. Ba4 b5 10. Bc2 Ne8 11. b4 Nb7 12. d4 Qc7 13. Re1 Nd8 14. Nf1 Ne6 15. Ng3
g6 16. Bh6 N8g7 17. Qd2 a5 18. a3 a4 19. h4 f6 20. h5 Rf7 21. hxg6 hxg6 22. Kf1
g5 23. Bxg7 Rxg7 24. Nf5 Rh7 25. g3 Ng7 26. Nxg7 Kxg7 27. Ke2 Bg4 28. Rh1 Rah8
29. Rxh7+ Rxh7 30. Rg1 c5 31. d5 cxb4 32. cxb4 Bd8 33. Bd3 Qb6 34. Qe3 Qb7 35.
Kd2 Bb6 36. Qe2 Rh2 37. Rf1 Qa7 38. Ke1 Qc7 39. Kd2 Bd4 40. Rc1 Qb8 41. Rf1 Qc8
42. Rc1 Qb8 43. Rf1 Qb6 44. Ke1 Qc7 45. Kd1 Qc3 0-1

[Event "OPEN KOMENDA 2017"]
[Site "Komenda"]
[Date "2017.02.03"]
[Round "1.2"]
[White "Kralj, Nejc"]
[Black "Vidmar, Klara"]
[Result "1/2-1/2"]
[WhiteElo "1724"]
[BlackElo "1595"]
[PlyCount "98"]
[EventDate "2017.02.03"]

1. e4 c5 2. Nf3 Nc6 3. d4 cxd4 4. Nxd4 e5 5. Nb5 d6 6. N1c3 a6 7. Na3 b5 8. Nd5
Nf6 9. Bg5 Be7 10. Bxf6 Bxf6 11. c3 Bb7 12. Nc2 Bg5 13. Bd3 Ne7 14. Nce3 Nxd5
15. Nxd5 O-O 16. Bc2 Rc8 17. O-O Bxd5 18. Qxd5 Qc7 19. Bb3 Qc5 20. Rfd1 Be7 21.
Rd3 Qxd5 22. Bxd5 Rc7 23. g3 a5 24. a4 bxa4 25. Rxa4 Rc5 26. c4 Rb8 27. Ra2 Kf8
28. Rda3 Bd8 29. b3 f6 30. Rb2 Ke7 31. Ra4 Kd7 32. b4 axb4 33. Raxb4 Rxb4 34.
Rxb4 Rc7 35. Kf1 Ra7 36. Ke2 Ra2+ 37. Kf3 Ra3+ 38. Kg2 Ra7 39. Rb5 Rc7 40. Kf3
Rc5 41. Ke2 Rxb5 42. cxb5 Bb6 43. f3 Ke7 44. Kd3 h6 45. Kc4 g5 46. g4 Bc5 47.
Bb7 Kd7 48. Kd5 Bd4 49. Bc6+ Ke7 1/2-1/2

[Event "OPEN KOMENDA 2017"]
[Site "Komenda"]
[Date "2017.02.03"]
[Round "1.3"]
[White "Smolej, Ziga"]
[Black "Vertacnik, Viktor"]
[Result "1/2-1/2"]
[WhiteElo "1420"]
[BlackElo "1559"]
[PlyCount "129"]
[EventDate "2017.02.03"]

1. d4 d5 2. Nf3 Nf6 3. Bf4 e6 4. e3 Bd6 5. Bg3 Ne4 6. Bxd6 Qxd6 7. c3 O-O 8.
Bd3 Nf6 9. O-O Nbd7 10. Na3 a6 11. Nd2 b5 12. f4 Bb7 13. Nf3 Rad8 14. Nc2 c5
15. Ne5 c4 16. Be2 Qc7 17. Rf3 h6 18. Rh3 Nxe5 19. fxe5 Ne4 20. Qf1 f6 21. exf6
Rxf6 22. Qe1 Rdf8 23. Rf3 e5 24. Qh4 exd4 25. Nxd4 Qe5 26. Raf1 Rxf3 27. Rxf3
Rxf3 28. Nxf3 Qf6 29. Qxf6 gxf6 30. h3 Kf7 31. Kh2 Bc8 32. Bd1 Bf5 33. Bc2 Bh7
34. Nd4 Bg6 35. Nc6 Nd2 36. Bxg6+ Kxg6 37. Ne7+ Kf7 38. Nxd5 Ke6 39. Nc7+ Kd6
40. Nxa6 Nf1+ 41. Kg1 Nxe3 42. b3 cxb3 43. axb3 Nd1 44. c4 bxc4 45. bxc4 Nb2
46. c5+ Kc6 47. Nb8+ Kc7 48. Na6+ Kc6 49. Nb4+ Kxc5 50. Nc2 Kd6 51. Ne3 Ke6 52.
Kf2 Nd3+ 53. Kg3 Kf7 54. Kh4 Kg6 55. g4 Ne5 56. Nf5 Nf3+ 57. Kg3 Ne5 58. Ne7+
Kf7 59. Nf5 Kg6 60. Kf4 Nd3+ 61. Ke3 Ne5 62. Kf4 Nd3+ 63. Ke3 Ne5 64. Kf4 Nd3+
65. Kg3 1/2-1/2

[Event "OPEN KOMENDA 2017"]
[Site "Komenda"]
[Date "2017.02.03"]
[Round "1.4"]
[White "Debevec, Katarina"]
[Black "Olenik Campa, Rudi"]
[Result "0-1"]
[WhiteElo "1431"]
[BlackElo "1341"]
[PlyCount "58"]
[EventDate "2017.02.03"]

1. d4 Nf6 2. c4 e6 3. Nc3 d5 4. Bg5 Nbd7 5. e3 Bb4 6. Nf3 c5 7. a3 Bxc3+ 8.
bxc3 Qa5 9. Qb3 Ne4 10. Rc1 Ndf6 11. Qb5+ Qxb5 12. cxb5 c4 13. Bh4 Bd7 14. a4
a6 15. Ne5 axb5 16. Nxd7 Nxd7 17. f3 Nxc3 18. Rxc3 bxa4 19. Bg3 a3 20. Rc1 Ke7
21. Be2 b5 22. O-O b4 23. Be1 Rhb8 24. Bxc4 dxc4 25. Rxc4 b3 26. Bb4+ Ke8 27.
Bc3 b2 28. Rb4 Rxb4 29. Bxb4 a2 0-1

[Event "OPEN KOMENDA 2017"]
[Site "Komenda"]
[Date "2017.02.03"]
[Round "1.5"]
[White "Marinc, Primoz"]
[Black "Hvala, Inja Ajda"]
[Result "1/2-1/2"]
[WhiteElo "1048"]
[BlackElo "1187"]
[PlyCount "107"]
[EventDate "2017.02.03"]

1. d4 c6 2. e4 d5 3. exd5 cxd5 4. Nc3 Nf6 5. Nf3 Bf5 6. Bb5+ Nbd7 7. Bg5 Ne4 8.
Nxe4 Bxe4 9. O-O f6 10. Bf4 e6 11. Nd2 Bf5 12. Re1 Be7 13. Rc1 O-O 14. c4 a6
15. Ba4 Nb6 16. Bb3 Bd6 17. Bxd6 Qxd6 18. c5 Qd8 19. cxb6 Qxb6 20. Nf3 Bg4 21.
h3 Bh5 22. Re3 Rfe8 23. Ba4 Rec8 24. Rxc8+ Rxc8 25. Qb3 Qd6 26. Rc3 Rb8 27. Nh2
b5 28. Qa3 Qxa3 29. Rxa3 bxa4 30. g4 Bg6 31. Rxa4 Rxb2 32. Rxa6 Be4 33. f3 Bd3
34. Rxe6 Rxa2 35. Re3 Bc4 36. f4 Be2 37. Rg3 Bc4 38. Nf3 Ra3 39. Kf2 Rd3 40.
Ke1 Kf7 41. h4 Bb5 42. Rh3 Ke7 43. Ng1 Rxd4 44. Rf3 Re4+ 45. Kd2 Kd6 46. g5 f5
47. h5 d4 48. Rb3 Kc5 49. Nf3 Rxf4 50. h6 g6 51. Ne5 Re4 52. Nxg6 Re2+ 53. Kc1
d3 54. Nf8 1/2-1/2

[Event "OPEN KOMENDA 2017"]
[Site "Komenda"]
[Date "2017.02.03"]
[Round "1.6"]
[White "Perme, Martin"]
[Black "Ficko, Luka"]
[Result "1/2-1/2"]
[WhiteElo "1169"]
[BlackElo "1539"]
[PlyCount "53"]
[EventDate "2017.02.03"]

1. e4 e5 2. Nf3 Nc6 3. Bc4 Nf6 4. Nc3 Nh5 5. O-O g6 6. d3 Bd6 7. Bg5 f6 8. Be3
Na5 9. h3 Nxc4 10. dxc4 Nf4 11. Nd5 Nxd5 12. Qxd5 f5 13. Bg5 Be7 14. Nxe5 Rf8
15. Bh6 Rf6 16. Qg8+ Bf8 17. Bg5 Re6 18. Bxd8 Kxd8 19. exf5 Rxe5 20. fxg6 hxg6
21. Qxf8+ Re8 22. Qf6+ Re7 23. c5 c6 24. Qxg6 Re6 25. Qf5 d6 26. Rad1 Rh6 27.
Qf8+ {nejasno (51)} 1/2-1/2

[Event "OPEN KOMENDA 2017"]
[Site "Komenda"]
[Date "2017.02.01"]
[Round "1.8"]
[White "Zidar, Jernej"]
[Black "Cimperman, Teo"]
[Result "1-0"]
[WhiteElo "1302"]
[BlackElo "1691"]
[PlyCount "59"]
[EventDate "2017.02.03"]

1. d4 d5 2. c4 e6 3. Nf3 Nc6 4. Nc3 Nf6 5. Bf4 Be7 6. e3 O-O 7. Bd3 h6 8. O-O
b6 9. Qc2 Bb7 10. Rfe1 Qd7 11. h3 Rfe8 12. Rad1 Rad8 13. Nb5 Bd6 14. Nxd6 cxd6
15. cxd5 exd5 16. a3 Rc8 17. Qd2 Ne4 18. Bxe4 dxe4 19. Nh2 Re7 20. Ng4 Ree8 21.
Bxh6 gxh6 22. Nf6+ Kg7 23. Nxd7 Re7 24. d5 Nd8 25. Qd4+ Kg8 26. Nf6+ Kf8 27.
Nxe4 Kg8 28. Nxd6 Rc5 29. Nf5 Rd7 30. Qg7# 1-0

[Event "OPEN KOMENDA 2017"]
[Site "Komenda"]
[Date "2017.02.04"]
[Round "2.1"]
[White "Papez, Viktor"]
[Black "Zidar, Jernej"]
[Result "1-0"]
[WhiteElo "1835"]
[BlackElo "1302"]
[PlyCount "77"]
[EventDate "2017.02.04"]

1. e4 c5 2. b4 cxb4 3. Bc4 d6 4. d4 Nc6 5. f4 e6 6. Nf3 Nf6 7. Nbd2 Be7 8. O-O
O-O 9. Bb2 a5 10. e5 dxe5 11. fxe5 Nd5 12. Qe2 f6 13. exf6 Bxf6 14. Ne4 Kh8 15.
Nxf6 Rxf6 16. Ng5 h6 17. Nf7+ Rxf7 18. Rxf7 Bd7 19. Qg4 g5 20. Bxd5 exd5 21.
Qxd7 Qxd7 22. Rxd7 Rb8 23. Rxd5 Kg8 24. Rf1 a4 25. Rd7 b5 26. d5 a3 27. Ba1 Na5
28. Rg7+ Kh8 29. Rb7+ Kg8 30. Rxb8+ Kh7 31. Rf6 Kg7 32. Ra6+ Kf7 33. Rxa5 Kg6
34. Rb6+ Kf5 35. Re6 h5 36. Rxb5 g4 37. Rf6+ Ke4 38. d6 h4 39. Re6+ 1-0

[Event "OPEN KOMENDA 2017"]
[Site "Komenda"]
[Date "2017.02.04"]
[Round "2.2"]
[White "Olenik Campa, Rudi"]
[Black "Macek, Inti"]
[Result "1-0"]
[WhiteElo "1341"]
[BlackElo "1532"]
[PlyCount "59"]
[EventDate "2017.02.04"]

1. e4 e5 2. Nf3 Nc6 3. c3 Nf6 4. d3 Bc5 5. b4 Bb6 6. b5 Ne7 7. Nxe5 O-O 8. Bg5
Ng6 9. Ng4 d6 10. Nxf6+ gxf6 11. Bh6 Re8 12. Be2 f5 13. exf5 Bxf5 14. O-O Qh4
15. Bd2 d5 16. d4 c6 17. Be3 Bc7 18. g3 Qh3 19. Nd2 Be4 20. Nxe4 Rxe4 21. Bf3
Re6 22. Bg4 Rxe3 23. Bxh3 Rxc3 24. bxc6 bxc6 25. Rb1 Ra3 26. Rb7 Bb6 27. Qh5
Rxa2 28. Be6 Re8 29. Rxf7 Rxe6 30. Qxh7# 1-0

[Event "OPEN KOMENDA 2017"]
[Site "Komenda"]
[Date "2017.02.04"]
[Round "2.3"]
[White "Hvala, Inja Ajda"]
[Black "Kralj, Nejc"]
[Result "0-1"]
[WhiteElo "1187"]
[BlackElo "1724"]
[PlyCount "44"]
[EventDate "2017.02.04"]

1. d4 d5 2. Nf3 Nf6 3. Bf4 c5 4. c3 Nc6 5. e3 e6 6. Bd3 Bd6 7. Bg3 O-O 8. Nbd2
b6 9. O-O Re8 10. Ne5 Bb7 11. Ndf3 Ne4 12. Qc2 Ne7 13. Bb5 Rf8 14. Nd7 a6 15.
Bxd6 Nxd6 16. Ng5 Ng6 17. Nxf8 Nxf8 18. f4 axb5 19. Rf3 h6 20. Nh3 Ng6 21. g4
Ne4 22. Qg2 Nh4 0-1

[Event "OPEN KOMENDA 2017"]
[Site "Komenda"]
[Date "2017.02.04"]
[Round "2.4"]
[White "Vidmar, Klara"]
[Black "Smolej, Ziga"]
[Result "1/2-1/2"]
[WhiteElo "1595"]
[BlackElo "1420"]
[PlyCount "153"]
[EventDate "2017.02.04"]

1. e4 c5 2. c3 d6 3. d4 cxd4 4. cxd4 Nf6 5. Nc3 g6 6. Nf3 Bg7 7. Bb5+ Bd7 8.
Bxd7+ Nbxd7 9. O-O O-O 10. Be3 Rc8 11. Rc1 Re8 12. Re1 Nb6 13. Qe2 Qd7 14. Red1
Na4 15. Nxa4 Qxa4 16. b3 Qa5 17. Bf4 d5 18. exd5 Nxd5 19. Qd2 Qxd2 20. Bxd2
Red8 21. Re1 e6 22. Bg5 Bf6 23. Bxf6 Nxf6 24. Rc5 Rxc5 25. dxc5 Rc8 26. b4 Nd5
27. a3 a5 28. Rb1 Nc3 29. Rb3 Rd8 30. h3 axb4 31. axb4 Nd5 32. Ne5 Rb8 33. b5
Rc8 34. Nd3 f6 35. Kf1 e5 36. f3 Ne3+ 37. Kf2 Nc2 38. Rc3 Nd4 39. b6 Kf7 40.
Ke3 Ke6 41. Nb4 Nc6 42. Nc2 Ne7 43. Rc4 Nd5+ 44. Kd3 Nf4+ 45. Ke3 Nxg2+ 46. Kf2
Nf4 47. h4 Rxc5 48. Ne3 Rxc4 49. Nxc4 Kd5 50. Na5 Kc5 51. Nxb7+ Kxb6 52. Nd6
Kc6 53. Ne4 Nh5 54. Kg2 Kd5 55. Kf2 Ke6 56. Kg2 Kf5 57. Nd6+ Kf4 58. Ne4 f5 59.
Ng5 Nf6 60. Nh3+ Ke3 61. Ng5 e4 62. fxe4 fxe4 63. Nh3 Nh5 64. Ng5 Nf6 65. Nh3
Kd2 66. Ng1 e3 67. Kf3 Nd5 68. Ne2 h6 69. Nd4 Kd3 70. Ne2 g5 71. hxg5 hxg5 72.
Ng1 Nf4 73. Kg4 Ne2 74. Nf3 Ke4 75. Nxg5+ Kd3 76. Nf3 Nd4 77. Ng1 1/2-1/2

[Event "OPEN KOMENDA 2017"]
[Site "Komenda"]
[Date "2017.02.04"]
[Round "2.5"]
[White "Vertacnik, Viktor"]
[Black "Perme, Martin"]
[Result "1-0"]
[WhiteElo "1559"]
[BlackElo "1169"]
[PlyCount "47"]
[EventDate "2017.02.04"]

1. e4 e5 2. Nf3 Nc6 3. Bc4 Bc5 4. c3 Bb6 5. d3 h6 6. Nbd2 Nf6 7. Bb3 O-O 8. Nc4
d6 9. Nxb6 cxb6 10. O-O Be6 11. Bc2 Rc8 12. d4 Qe7 13. d5 Bxd5 14. exd5 Na5 15.
Re1 e4 16. Nd2 Rfe8 17. Nxe4 Nxe4 18. Rxe4 Qd7 19. Rxe8+ Rxe8 20. Bf4 Qe7 21.
Kf1 Nc4 22. Qd3 Nxb2 23. Qh7+ Kf8 24. Qh8# 1-0

[Event "OPEN KOMENDA 2017"]
[Site "Komenda"]
[Date "2017.02.04"]
[Round "2.6"]
[White "Ficko, Luka"]
[Black "Jereb, Lana"]
[Result "0-1"]
[WhiteElo "1539"]
[BlackElo "1605"]
[PlyCount "88"]
[EventDate "2017.02.04"]

1. d4 d5 2. Be3 Nf6 3. h3 Bf5 4. Nc3 e6 5. Nf3 Bb4 6. a3 Ba5 7. Bd2 O-O 8. Nh4
Bg6 9. Nxg6 hxg6 10. Na2 Bb6 11. e3 c5 12. c3 Nc6 13. dxc5 Bxc5 14. b4 Bd6 15.
Be2 Rc8 16. Rc1 Ne5 17. f3 Nc4 18. Rc2 Bg3+ 19. Kf1 Nxa3 20. Rc1 Qb6 21. Be1
Bxe1 22. Qxe1 Qxe3 23. h4 Nh5 24. g3 Nc4 25. Bxc4 Qxf3+ 26. Kg1 Rxc4 27. Qf2
Qxg3+ 28. Qg2 Rg4 29. Qxg3 Nxg3 30. Rh2 Ne2+ 31. Kf2 Nxc1 32. Nxc1 Rc8 33. Na2
d4 34. Rh3 dxc3 35. Nxc3 Rxb4 36. Ne2 Rc2 37. Rd3 Rbb2 38. Rd8+ Kh7 39. Kf3
Rxe2 40. Rd1 Red2 41. Rh1 Rd3+ 42. Ke4 Ra3 43. h5 Rb4+ 44. Ke5 Ra5+ 0-1

[Event "OPEN KOMENDA 2017"]
[Site "Komenda"]
[Date "2017.02.04"]
[Round "2.7"]
[White "Cimperman, Teo"]
[Black "Debevec, Katarina"]
[Result "0-1"]
[WhiteElo "1691"]
[BlackElo "1431"]
[PlyCount "46"]
[EventDate "2017.02.04"]

1. d4 d5 2. c4 e6 3. Nc3 Nf6 4. Nf3 Nc6 5. e3 Be7 6. Be2 O-O 7. Qc2 Nb4 8. Qb3
dxc4 9. Bxc4 c6 10. a3 Nbd5 11. Bxd5 cxd5 12. Bd2 a6 13. O-O Bd6 14. Rfe1 Ne4
15. Nxe4 dxe4 16. Ne5 Bxe5 17. dxe5 Qxd2 18. Rad1 Qa5 19. Qc2 Qxe5 20. f4 exf3
21. gxf3 Qf6 22. Rd4 Qg6+ 23. Rg4 Qxc2 0-1

[Event "OPEN KOMENDA 2017"]
[Site "Komenda"]
[Date "2017.02.04"]
[Round "3.1"]
[White "Olenik Campa, Rudi"]
[Black "Papez, Viktor"]
[Result "0-1"]
[WhiteElo "1341"]
[BlackElo "1835"]
[PlyCount "60"]
[EventDate "2017.02.04"]

1. e4 e5 2. Nf3 Nc6 3. Bc4 Nf6 4. d3 d5 5. exd5 Nxd5 6. O-O Be7 7. h3 a6 8. Re1
Qd6 9. Qe2 f6 10. c3 Bf5 11. Bxd5 Qxd5 12. Rd1 g5 13. c4 Qf7 14. a3 h5 15. Nc3
g4 16. Nh4 Nd4 17. Qf1 Be6 18. Ne4 Rg8 19. hxg4 Rxg4 20. g3 f5 21. Nxf5 Bxf5
22. f3 Rg6 23. Nd2 Rxg3+ 24. Kf2 Bh4 25. b4 Rxf3+ 26. Kg2 Bh3+ 27. Kh2 Bxf1 28.
Nxf3 Qxf3 29. Rxf1 Qxf1 30. Bb2 Nf3# 0-1

[Event "OPEN KOMENDA 2017"]
[Site "Komenda"]
[Date "2017.02.04"]
[Round "3.2"]
[White "Kralj, Nejc"]
[Black "Marinc, Primoz"]
[Result "1-0"]
[WhiteElo "1724"]
[BlackElo "1048"]
[PlyCount "103"]
[EventDate "2017.02.04"]

1. e4 e5 2. Nf3 Nc6 3. Bc4 Bc5 4. c3 d6 5. O-O Bg4 6. d3 Nf6 7. Nbd2 Qd7 8. a4
a6 9. Re1 O-O 10. Bb3 Nh5 11. h3 Be6 12. Ng5 Nf4 13. Nxe6 Nxe6 14. Nf3 h6 15.
Nh4 Ne7 16. Qg4 Kh8 17. Be3 Rg8 18. Rad1 Bxe3 19. fxe3 Nc5 20. Qxd7 Nxd7 21.
Bxf7 Rgf8 22. Rf1 Nf6 23. Bb3 g5 24. Nf5 Nxf5 25. Rxf5 Nd7 26. Rdf1 Kg7 27.
Rf7+ Rxf7 28. Rxf7+ Kg8 29. Rxd7+ Kh8 30. Rxc7 Rb8 31. Be6 b5 32. Rc8+ Rxc8 33.
Bxc8 bxa4 34. Bxa6 Kg7 35. Kf2 Kf8 36. d4 exd4 37. exd4 Ke7 38. Ke3 Ke6 39. Bb5
d5 40. Bxa4 dxe4 41. Kxe4 h5 42. b4 g4 43. b5 gxh3 44. gxh3 Kd6 45. b6 h4 46.
c4 Ke7 47. b7 Kd8 48. b8=Q+ Ke7 49. Kf5 Kf7 50. Qc7+ Kg8 51. Kg6 Kf8 52. Qd8#
1-0

[Event "OPEN KOMENDA 2017"]
[Site "Komenda"]
[Date "2017.02.04"]
[Round "3.3"]
[White "Debevec, Katarina"]
[Black "Vertacnik, Viktor"]
[Result "0-1"]
[WhiteElo "1431"]
[BlackElo "1559"]
[PlyCount "88"]
[EventDate "2017.02.04"]

1. d4 d5 2. c4 e6 3. Nc3 Nf6 4. Bg5 Nbd7 5. e3 Be7 6. Nf3 b6 7. cxd5 exd5 8.
Bb5 Bb7 9. Ne5 O-O 10. Bxf6 Nxf6 11. O-O a6 12. Bc6 Bxc6 13. Nxc6 Qd6 14. Ne5
Nd7 15. f4 f6 16. Nxd7 Qxd7 17. Rf3 Rad8 18. Rh3 Qe8 19. f5 Bb4 20. Ne2 Qe4 21.
Qf1 b5 22. Nc3 Bxc3 23. bxc3 Qc2 24. Rc1 Qxa2 25. Qf3 Qd2 26. Rf1 a5 27. Qh5
Rf7 28. Qxh7+ Kf8 29. Qg6 Ke7 30. e4 dxe4 31. Qg3 Kd7 32. Re1 Re7 33. Re3 a4
34. Rh7 Rg8 35. Qe1 Qxe1+ 36. Rxe1 Kd6 37. Rb1 c6 38. Rh3 Kd5 39. Re3 Ra8 40.
Ra1 a3 41. g4 a2 42. Kf2 Kc4 43. Ke2 Kb3 44. Kd2 b4 0-1

[Event "OPEN KOMENDA 2017"]
[Site "Komenda"]
[Date "2017.02.04"]
[Round "3.4"]
[White "Jereb, Lana"]
[Black "Smolej, Ziga"]
[Result "1-0"]
[WhiteElo "1605"]
[BlackElo "1420"]
[PlyCount "119"]
[EventDate "2017.02.04"]

1. e4 c5 2. Nf3 d6 3. d4 cxd4 4. Qxd4 Nc6 5. Bb5 Bd7 6. Bxc6 Bxc6 7. O-O Nf6 8.
Nc3 g6 9. Bg5 Bg7 10. h3 O-O 11. Qe3 Re8 12. Rad1 Qc7 13. Rfe1 Nd7 14. Bh6 Bh8
15. Bf4 Nb6 16. Qd3 Nd7 17. Qe3 Qb6 18. Qxb6 Nxb6 19. Nd4 Bxd4 20. Rxd4 e5 21.
Rxd6 exf4 22. Rf6 g5 23. h4 Nd7 24. Rf5 Re5 25. hxg5 Rae8 26. Rxf4 Rxg5 27. f3
f5 28. Kf2 fxe4 29. Nxe4 Bxe4 30. Rexe4 Rxe4 31. Rxe4 Rc5 32. c4 Nb6 33. b3 Ra5
34. a4 Rg5 35. Re8+ Kg7 36. Re7+ Kf6 37. Rxb7 Rg7 38. Rxg7 Kxg7 39. Ke3 Kf6 40.
Kd4 Ke6 41. a5 Nd7 42. b4 Kd6 43. g3 Nb8 44. b5 Nd7 45. f4 h5 46. f5 Nc5 47. b6
axb6 48. axb6 Nb7 49. f6 Ke6 50. c5 Kxf6 51. c6 Nd6 52. b7 Nf5+ 53. Kd5 Nxg3
54. b8=Q Nf5 55. Qe5+ Kg6 56. c7 h4 57. c8=Q Ne7+ 58. Qxe7 h3 59. Qg4+ Kh6 60.
Qeh4# 1-0

[Event "OPEN KOMENDA 2017"]
[Site "Komenda"]
[Date "2017.02.04"]
[Round "3.5"]
[White "Zidar, Jernej"]
[Black "Vidmar, Klara"]
[Result "0-1"]
[WhiteElo "1309"]
[BlackElo "1595"]
[PlyCount "146"]
[EventDate "2017.02.04"]

1. d4 d5 2. c4 Nf6 3. Nf3 Bf5 4. Nc3 e6 5. Bf4 Bd6 6. Bxd6 Qxd6 7. e3 c6 8. Bd3
Bxd3 9. c5 Qc7 10. Qxd3 Nbd7 11. b4 e5 12. dxe5 Nxe5 13. Nxe5 Qxe5 14. Qd4 Qxd4
15. exd4 O-O 16. O-O-O Rfe8 17. Rhe1 Ng4 18. f3 Ne3 19. Rd2 Nf5 20. Ree2 Kf8
21. a4 Rxe2 22. Nxe2 Re8 23. Rb2 Ne3 24. g3 Nc4 25. Rc2 Re3 26. f4 Ra3 27. Rc3
Ra1+ 28. Kc2 Ra2+ 29. Kd1 Rxa4 30. Rb3 Ra1+ 31. Nc1 a5 32. bxa5 Nxa5 33. Rb2
Ra4 34. Ne2 Ke7 35. Kc2 Kd7 36. Kd3 Ra3+ 37. Nc3 Ra1 38. Ra2 Rxa2 39. Nxa2 Nc4
40. Nc3 Ke6 41. g4 h6 42. Ne2 f5 43. h3 b5 44. cxb6 Nxb6 45. Ng3 fxg4 46. hxg4
Nd7 47. Ke3 Nf6 48. Kf3 Ne8 49. Ke3 Nc7 50. Nf5 Kf6 51. Kf3 Ne6 52. Ke3 h5 53.
Kf3 hxg4+ 54. Kxg4 g6 55. Ne3 Nxd4 56. Kg3 Nf5+ 57. Kf3 Nxe3 58. Kxe3 Kf5 59.
Kf3 c5 60. Ke3 Kg4 61. Kd3 Kxf4 62. Kc3 g5 63. Kd3 g4 64. Kc3 g3 65. Kd3 g2 66.
Kc2 g1=Q 67. Kb3 Qc1 68. Ka2 Ke3 69. Kb3 Qc4+ 70. Kb2 Kd2 71. Ka1 Qb5 72. Ka2
Kc2 73. Ka3 Qb3# 0-1

[Event "OPEN KOMENDA 2017"]
[Site "Komenda"]
[Date "2017.02.04"]
[Round "3.6"]
[White "Macek, Inti"]
[Black "Ficko, Luka"]
[Result "1-0"]
[WhiteElo "1597"]
[BlackElo "1562"]
[PlyCount "67"]
[EventDate "2017.02.04"]

1. d4 d5 2. c4 e6 3. Nc3 Bb4 4. a3 Bd6 5. Nf3 Nf6 6. Bg5 Be7 7. Bf4 Bd7 8. Nb5
Na6 9. e3 c6 10. Nc3 Nh5 11. Bg3 Nxg3 12. hxg3 Bf6 13. Bd3 Rb8 14. O-O h5 15.
cxd5 cxd5 16. Rc1 h4 17. Ne2 Rc8 18. Qb3 b6 19. Bxa6 Rxc1 20. Rxc1 e5 21. dxe5
Be7 22. Rc2 h3 23. gxh3 Bxh3 24. Ned4 Bd7 25. Qxd5 Bf8 26. e6 fxe6 27. Qe4 Qf6
28. Qa8+ Ke7 29. Rc7 Qh6 30. Kf1 Qh1+ 31. Ke2 Qb1 32. Qc8 Rh1 33. Qxd7+ Kf6 34.
Qf7# 1-0

[Event "OPEN KOMENDA 2017"]
[Site "Komenda"]
[Date "2017.02.04"]
[Round "3.7"]
[White "Perme, Martin"]
[Black "Hvala, Inja Ajda"]
[Result "0-1"]
[WhiteElo "1169"]
[BlackElo "1187"]
[PlyCount "92"]
[EventDate "2017.02.04"]

1. e4 c6 2. Bc4 d5 3. exd5 cxd5 4. Bb5+ Bd7 5. Bxd7+ Nxd7 6. d4 Ngf6 7. Bf4 e6
8. Nf3 Be7 9. O-O O-O 10. Re1 Qb6 11. b3 Rac8 12. Nbd2 Bb4 13. Re2 Bc3 14. Rc1
Bxd4 15. Nxd4 Qxd4 16. Be3 Qb4 17. Nf3 Ne4 18. c4 Nc3 19. Bd2 Nxe2+ 20. Qxe2
Qa3 21. Rc2 Qc5 22. Qe1 Rc6 23. Bb4 Qb6 24. Bxf8 Kxf8 25. Ne5 Nxe5 26. Qxe5
dxc4 27. g3 cxb3 28. Rxc6 bxc6 29. axb3 Qxb3 30. Qd6+ Ke8 31. Qxc6+ Ke7 32.
Qc5+ Kf6 33. Qd4+ e5 34. Qd6+ Qe6 35. Qd8+ Kg6 36. Qd3+ e4 37. Qe3 a6 38. f3
exf3 39. Qd3+ Qf5 40. Qd6+ f6 41. Kf2 a5 42. Qd8 h6 43. Qe8+ Kh7 44. Qf7 Qe4
45. Qh5 Qe2+ 46. Kg1 Qe1# 0-1

[Event "OPEN KOMENDA 2017"]
[Site "Komenda"]
[Date "2017.02.05"]
[Round "4.1"]
[White "Papez, Viktor"]
[Black "Kralj, Nejc"]
[Result "0-1"]
[WhiteElo "1835"]
[BlackElo "1724"]
[PlyCount "44"]
[EventDate "2017.02.05"]

1. e4 e6 2. Qe2 Ne7 3. f4 d5 4. d3 dxe4 5. dxe4 Nbc6 6. Nf3 b6 7. Be3 Bb7 8.
Nbd2 Qd7 9. Nc4 O-O-O 10. c3 Ng6 11. b4 f5 12. e5 Nce7 13. Qf2 Nd5 14. Rd1 Qa4
15. a3 Be7 16. Be2 Nxc3 17. Rxd8+ Rxd8 18. Nd4 Bh4 19. g3 Bxh1 20. gxh4 Bd5 21.
Bc1 Bxc4 22. Bxc4 Qd1# 0-1

[Event "OPEN KOMENDA 2017"]
[Site "Komenda"]
[Date "2017.02.05"]
[Round "4.2"]
[White "Vertacnik, Viktor"]
[Black "Olenik Campa, Rudi"]
[Result "1-0"]
[WhiteElo "1559"]
[BlackElo "1341"]
[PlyCount "107"]
[EventDate "2017.02.05"]

1. e4 c5 2. c3 d6 3. Nf3 Nc6 4. d4 cxd4 5. cxd4 Bd7 6. Nc3 a6 7. Be2 e6 8. O-O
e5 9. dxe5 dxe5 10. Bc4 b5 11. Bb3 h6 12. Qd5 Qf6 13. Nxe5 Qe6 14. Qxe6+ fxe6
15. Nxc6 Bxc6 16. Bxe6 Rd8 17. Bd5 Bxd5 18. Nxd5 Rd7 19. Be3 Nf6 20. Nxf6+ gxf6
21. Rfd1 Re7 22. Bd4 Bg7 23. f3 Kf7 24. Rac1 Rd8 25. Bc3 Red7 26. Rxd7+ Rxd7
27. Kf1 Ke6 28. Ke2 Bf8 29. a3 Rc7 30. Bd2 Rxc1 31. Bxc1 h5 32. Bd2 Bd6 33. h3
Bc7 34. Kd3 Bb6 35. f4 f5 36. Be3 Bc7 37. h4 Ba5 38. b4 Bc7 39. g3 Bd8 40. Bc5
Bc7 41. Kd4 a5 42. exf5+ Kxf5 43. Kd5 axb4 44. axb4 Bd8 45. Kc6 Kg4 46. Kd7 Bf6
47. Ke6 Bd8 48. f5 Kxg3 49. f6 Bxf6 50. Kxf6 Kf4 51. Ke6 Ke4 52. Kd6 Kf4 53.
Kc6 Kg4 54. Be7 1-0

[Event "OPEN KOMENDA 2017"]
[Site "Komenda"]
[Date "2017.02.05"]
[Round "4.3"]
[White "Vidmar, Klara"]
[Black "Macek, Inti"]
[Result "1-0"]
[WhiteElo "1595"]
[BlackElo "1597"]
[PlyCount "93"]
[EventDate "2017.02.05"]

1. e4 e5 2. Nf3 Nc6 3. Bc4 Nf6 4. Ng5 d5 5. exd5 Nxd5 6. d3 Bc5 7. Qf3 O-O 8.
Qxd5 Qf6 9. Qxc5 Bf5 10. O-O Rac8 11. Nc3 b6 12. Qe3 Nb4 13. Bb3 c6 14. a3 Nd5
15. Bxd5 cxd5 16. Nxd5 Qd6 17. Nc3 h6 18. Nge4 Qg6 19. Qg3 Qc6 20. Be3 a5 21.
Qxe5 Bg6 22. Rac1 Rfe8 23. Qd6 Qxd6 24. Nxd6 Rxc3 25. bxc3 Rd8 26. Ne4 b5 27.
Rb1 b4 28. cxb4 axb4 29. axb4 Rb8 30. b5 f6 31. b6 Be8 32. b7 Bc6 33. Nd6 Ba4
34. Ba7 Rxb7 35. Rxb7 Bxc2 36. Nf5 Bxd3 37. Ne3 Bxf1 38. Kxf1 g6 39. Ke2 f5 40.
Kd3 f4 41. Kd4 g5 42. Ke5 fxe3 43. fxe3 h5 44. Kf6 g4 45. g3 Kh8 46. Kg6 h4 47.
Rb8# 1-0

[Event "OPEN KOMENDA 2017"]
[Site "Komenda"]
[Date "2017.02.05"]
[Round "4.4"]
[White "Marinc, Primoz"]
[Black "Jereb, Lana"]
[Result "0-1"]
[WhiteElo "1048"]
[BlackElo "1605"]
[PlyCount "68"]
[EventDate "2017.02.05"]

1. d4 d5 2. c4 c6 3. Nc3 Nf6 4. Bg5 dxc4 5. e3 b5 6. a4 b4 7. Nb1 Ne4 8. Bf4
Qd5 9. Qc2 Ba6 10. Be2 b3 11. Qc1 Qa5+ 12. Nd2 e5 13. Bxe5 Nxd2 14. Qxd2 Bb4
15. Qxb4 Qxb4+ 16. Kd1 c3 17. bxc3 Qxc3 18. Rc1 Bxe2+ 19. Nxe2 Qd3+ 20. Ke1 b2
21. Rc3 b1=Q+ 22. Rc1 Qb4+ 23. Kf1 Qbd2 24. Re1 Qxe1+ 25. Kxe1 Qb1+ 26. Kd2
Qxh1 27. Nc1 Qxg2 28. Bg3 Na6 29. Nd3 Qd5 30. Ke2 c5 31. Be5 cxd4 32. Bxd4 Rc8
33. Nf4 Rc2+ 34. Kf1 Qh1# 0-1

[Event "OPEN KOMENDA 2017"]
[Site "Komenda"]
[Date "2017.02.05"]
[Round "4.5"]
[White "Hvala, Inja Ajda"]
[Black "Zidar, Jernej"]
[Result "0-1"]
[WhiteElo "1187"]
[BlackElo "1309"]
[PlyCount "54"]
[EventDate "2017.02.05"]

1. d4 d5 2. Nf3 Nf6 3. Bf4 e6 4. e3 c5 5. c3 Nc6 6. Nbd2 Bd6 7. Bg3 Bxg3 8.
hxg3 O-O 9. Bd3 c4 10. Bc2 h6 11. Ne5 Qc7 12. Ndf3 Nd7 13. Nxd7 Bxd7 14. g4 f6
15. Nh4 Ne7 16. Qf3 e5 17. O-O-O e4 18. Qe2 b5 19. f4 a5 20. a3 Qb6 21. b4 cxb3
22. Bxb3 b4 23. axb4 axb4 24. c4 Qa6 25. Kb2 Qa3+ 26. Kc2 Ba4 27. Bxa4 Qa2+ 0-1

[Event "OPEN KOMENDA 2017"]
[Site "Komenda"]
[Date "2017.02.05"]
[Round "4.6"]
[White "Smolej, Ziga"]
[Black "Cimperman, Teo"]
[Result "0-1"]
[WhiteElo "1420"]
[BlackElo "1762"]
[PlyCount "77"]
[EventDate "2017.02.05"]

1. d4 d5 2. Nf3 c5 3. c3 Nf6 4. Bf4 Bf5 5. e3 Nc6 6. Be2 e6 7. O-O Be7 8. h3
Qd7 9. Bb5 Rc8 10. Ne5 Qd8 11. Nxc6 bxc6 12. Ba6 Qb6 13. Bxc8 Qxb2 14. Nd2 Bd3
15. Re1 Qxc3 16. Qc1 cxd4 17. Qxc3 dxc3 18. Nf3 O-O 19. Ne5 Rxc8 20. Nxd3 c5
21. Rac1 d4 22. exd4 cxd4 23. Be5 Rc4 24. Red1 Ba3 25. Rc2 h6 26. Nc1 Bc5 27.
Nb3 Bb6 28. Bxd4 Bxd4 29. Rxd4 Rxd4 30. Nxd4 Ne4 31. f3 Ng3 32. Rxc3 e5 33.
Rc8+ Kh7 34. Nc6 Ne2+ 35. Kf2 Nc3 36. Nxe5 Nxa2 37. Nxf7 a5 38. Ra8 Nc3 39.
Rxa5 0-1